Riconosci il Pokémon - Quiz n°239 - Statistics

Statistiche generali
  • Questo quiz è stato fatto 2 volte
  • Il punteggio medio è 2 su 10
Statistiche sulle risposte
Indizio Risposta % Corretto
Tipo Elettro / Veleno
100%
Generazione Ottava
50%
Stadio evoluzione Prima evoluzione
50%
Altezza 1,6 m; > 24,0 m (Gigamax)
0%
Peso 40,0 kg; ???,? kg (Gigamax)
0%
Tasso di cattura 45 (11.9%)
0%
Sesso 50% ♂, 50% ♀
0%
Tasso di allevamento Medio-Lento
0%
Abilità Punk Rock (Melodia e Basso); Tecnico (Melodia e Basso); Più (Melodia); Meno (Basso)
0%
Pokémon Toxtricity
0%
Nessun quiz corrispondente trovato
Distribuzione punteggi
Percentuale di utenti per punteggio
Percentile per numero di risposta
I tuoi punteggi nel tempo
Non hai fatto questo quiz